000
00289nam a22001217a 4500
082
_a
621.3192 KER'A
100
_a
CORCORAN, G. F,KERCHINER, R. M
_9
78946
245
_a
ALTERNATING CURRENT CIRCUITS
250
_a
4TH
260
_a
NEWYORK
_b
JOHN WILEY
_c
1960
300
_a
602P
942
_c
BK
999
_c
584017
_d
584017